Statistics for East Midlands Airport Destinations (Nottingham, UK)

Click here to take the quiz!

General Stats

  • This quiz has been taken 31 times
  • The average score is 38 of 71

Answer Stats

AirlineDestinations% Correct
RyanairDublin
90%
Jet2.com/Ryanair/TUI AirwaysPalma de Mallorca
90%
Eastern AirwaysParis (Orly)
90%
Jet2.com/Ryanair/TUI AirwaysTenerife (South)
85%
Aer LingusBelfast (City)
80%
RyanairBelfast (International)
80%
RyanairCork
80%
Jet2.com/TUI AirwaysIbiza
80%
Jet2.com/Ryanair/TUI AirwaysMalaga
80%
RyanairBarcelona
75%
Jet2.com/Ryanair/TUI AirwaysLanzarote
75%
Jet2.com/Ryanair/TUI AirwaysFaro
70%
Jet2.com/TUI AirwaysHeraklion
70%
Jet2.com/RyanairKrakow
70%
Jet2.com/Ryanair/TUI AirwaysMenorca
70%
Jet2.com/TUI AirwaysNaples
70%
RyanairRome (Ciampino)
70%
Jet2.com/Ryanair/TUI AirwaysAlicante
65%
Jet2.com/TUI AirwaysAntalya
65%
RyanairBerlin
65%
Jet2.com/RyanairFuerteventura
65%
Jet2.comGeneva
65%
Jet2.com/TUI AirwaysLarnaca
65%
Jet2.com/TUI AirwaysPaphos
65%
RyanairBudapest
60%
RyanairChania
60%
Jet2.com/TUI AirwaysDubrovnik
60%
Jet2.com/Ryanair/TUI AirwaysGran Canaria
60%
Jet2.comIzmir
60%
Blue Islands/Jet2.comJersey
60%
Jet2.com/RyanairMalta
60%
Jet2.com/Ryanair/TUI AirwaysRhodes
60%
Jet2.comSofia
60%
TUI AirwaysTurin
60%
RyanairValencia
60%
Jet2.com/TUI AirwaysZakynthos
60%
Jet2.com/Ryanair/TUI AirwaysCorfu
55%
AurignyGuernsey
55%
Jet2.com/TUI AirwaysKos
55%
RyanairMarseille
55%
Jet2.comReykjavik
55%
RyanairBergamo
50%
BH Air/Jet2.comBurgas
50%
Jet2.comFunchal
50%
RyanairPisa
50%
Jet2.com/RyanairPrague
50%
RyanairRiga
50%
TUI AirwaysSal
50%
Jet2.com/TUI AirwaysDalaman
45%
Jet2.com/RyanairReus
45%
TUI AirwaysSharm El Sheikh
45%
Jet2.com/TUI AirwaysSalzburg
40%
Jet2.com/TUI AirwaysSantorini
40%
Jet2.comBodrum
35%
Jet2.com/RyanairGirona
35%
TUI AirwaysHurghada
35%
Jet2.comVerona
35%
RyanairWroclaw
35%
Jet2.com/TUI AirwaysKefalonia
30%
RyanairMurcia
30%
RyanairCarcassonne
25%
Eastern AirwaysNewquay
25%
Jet2.com/TUI AirwaysSkiathos
25%
RyanairBergerac
20%
TUI AirwaysChambery
20%
TUI AirwaysEnfidha
20%
RyanairTreviso
20%
RyanairLimoges
15%
RyanairRzeszow
15%
TUI AirwaysKittila
10%
RyanairKnock
10%

Score Distribution

Percentile by Number Answered

Percent of People with Each Score

Your Score History

You have not taken this quiz